000 01354 a2200253 4500
001 28998
005 20260407155559.0
008 260407a1945 arg spa d
003 AR-UNSa-BCEJYS
040 _aAR-UNSa-BCEJYS
_bspa
_cAR-UNSa-BCEJYS
080 _a657
_xContabilidad
245 1 0 _aInvestigaciones para usos financieros
250 _a2a. ed.
264 1 _aMéxico :
_bUnión Tipográfica Editorial Hispano-Americana (UTEHA)
_c1945
300 _a528 p.
_c25 cm.
505 _a1. Investigaciones para usos financieros - 2. Asientos de ajuste - 3. Situación financiera - 4. Inventarios - 5. Existencia normal; Detallistas - 6. Cuentas de activo fijo - 7. Valuación o avaluos; Depreciación aplicada a la apreciación; activo agotable - 8. Análisis de estados financieros tomando como base la aplicación de fondos - 9. Presentación de estados financieros según la forma A-2 de la ley de valores(securities act) - 10. Preparación de un balance dando como hecho un financiamiento - 11. Capacidad productiva - 12. Certificados de auditores - 13. Informes - 14. Seguros; Contratos fiduciarios de emisión - 15. Análisis industrial
041 _aspa
942 _cBK
590 _aniveau_biblio:m niveau_hierar:0
100 1 _aHimmelblau, David
700 1 _aKerrigan, Harry D.
700 1 _aPoulat, Julio
700 1 _aThierry, David
999 _c1783
_d1783